Estatísticas para Todos os municípios de Santa Catarina

Clique aqui para jogar o quiz

Estatísticas Gerais

  • Esse quiz foi jogado 699 vezes
  • A pontuação média é 140 de 295

Estatísticas das Respostas

Answer % Correct
Florianópolis
98%
Joinville
94%
Itá
93%
São José
90%
Lages
88%
Balneário Camboriú
87%
Blumenau
86%
Jaraguá do Sul
85%
Tubarão
85%
Camboriú
83%
Criciúma
83%
Rio do Sul
82%
Laguna
82%
Chapecó
82%
Itajaí
80%
Xanxerê
80%
Xaxim
80%
Itapema
78%
Timbó
78%
Pomerode
78%
Navegantes
78%
Brusque
78%
Biguaçu
77%
Urubici
75%
Joaçaba
75%
Araranguá
75%
Mafra
75%
Penha
74%
Guaramirim
73%
Bombinhas
72%
Fraiburgo
72%
Imbituba
72%
Indaial
72%
Palhoça
72%
Urupema
72%
Videira
70%
Rio Negrinho
69%
São Joaquim
69%
Dionísio Cerqueira
69%
Herval d'Oeste
68%
Garopaba
66%
Concórdia
66%
São Bento do Sul
66%
Gaspar
66%
Erval Velho
65%
Zortéa
65%
São Francisco do Sul
65%
Massaranduba
65%
Urussanga
65%
Garuva
64%
Porto Belo
64%
Porto União
64%
Barra Velha
63%
Caçador
63%
Orleans
63%
São Miguel do Oeste
63%
Taió
63%
Balneário Piçarras
63%
Ibirama
62%
Abdon Batista
62%
Xavantina
61%
Ascurra
61%
Governador Celso Ramos
61%
Ouro
60%
Turvo
60%
Nova Trento
60%
Witmarsum
60%
Araquari
60%
Ituporanga
60%
Tijucas
60%
Rodeio
59%
Anita Garibaldi
59%
Treze Tílias
59%
Curitibanos
58%
Otacílio Costa
58%
Santo Amaro da Imperatriz
58%
Águas Mornas
57%
Morro da Fumaça
57%
Luzerna
57%
Abelardo Luz
57%
Alfredo Wagner
57%
Canoinhas
57%
Trombudo Central
57%
Anitápolis
57%
Campos Novos
56%
Luiz Alves
56%
Itaiópolis
56%
Maravilha
55%
Itapiranga
55%
Corupá
55%
Faxinal dos Guedes
55%
Botuverá
54%
Schroeder
54%
Campo Alegre
54%
Doutor Pedrinho
54%
Lontras
54%
Água Doce
54%
Braço do Norte
54%
Itapoá
53%
Dona Emma
53%
Braço do Trombudo
53%
Gravatal
53%
Balneário Gaivota
52%
Ermo
52%
Nova Veneza
52%
Apiúna
52%
Sombrio
52%
Forquilhinhas
51%
Mondaí
51%
Ilhota
51%
Içara
51%
Águas de Chapecó
51%
Presidente Getúlio
51%
Seara
51%
Irani
51%
Balneário Barra do Sul
50%
Balneário Rincão
49%
Vargem
49%
Rio dos Cedros
49%
Irineópolis
49%
Rancho Queimado
49%
Rio do Oeste
49%
Capinzal
49%
Águas Frias
48%
Pinhalzinho
48%
Bom Jardim da Serra
48%
Ouro Verde
47%
Paulo Lopes
47%
São Carlos
47%
Agrolândia
47%
Três Barras
46%
Balneário Arroio do Silva
46%
Painel
46%
Campo Erê
46%
Nova Erechim
46%
São Ludgero
46%
Vitor Meireles
46%
Santa Cecília
46%
Piratuba
46%
Jacinto Machado
46%
Meleiro
46%
Presidente Nereu
46%
Lacerdópolis
45%
Atalanta
45%
Lauro Muller
45%
Palmitos
44%
Modelo
44%
Agronômica
44%
Jaguaruna
44%
Irati
44%
Tangará
44%
Santa Terezinha
44%
Salete
43%
São João Batista
43%
Caibi
43%
Guabiruba
43%
Rio Rufino
43%
Belmonte
43%
Riqueza
43%
Canelinha
43%
Papanduva
43%
Palma Sola
42%
Palmeira
42%
Quilombo
42%
Passo de Torres
42%
José Boiteux
42%
Rio das Antas
42%
Imbuia
42%
Laurentino
41%
Antônio Carlos
41%
Correia Pinto
41%
Angelina
41%
Vidal Ramos
41%
Siderópolis
41%
Descanso
41%
São Bonifácio
40%
São José do Cerrito
40%
São Lourenço do Oeste
40%
Ponte Serrada
40%
Capão Alto
40%
Iomerê
40%
Catanduvas
40%
Celso Ramos
40%
Bom Jesus
40%
Macieira
40%
Benedito Novo
40%
Coronel Freitas
40%
Calmon
40%
Jaborá
39%
Vargem Bonita
39%
São Domingos
39%
Formosa do Sul
39%
Rio Fortuna
38%
São João do Itaperiú
38%
Major Vieira
38%
Major Gercino
38%
Campo Belo do Sul
38%
Armazém
38%
Ipumirim
38%
Monte Castelo
38%
Ponte Alta
38%
Bocaina do Sul
37%
Paial
37%
Imaruí
37%
Jupiá
37%
Anchieta
37%
Timbó Grande
37%
Entre Rios
37%
Vargeão
37%
Cordilheira Alta
37%
Capivari de Baixo
37%
Bom Retiro
37%
Lebon Régis
37%
Lindoia do Sul
37%
Arvoredo
37%
Mirim Doce
37%
Sangão
36%
Timbé do Sul
36%
Iporã do Oeste
35%
São Pedro de Alcântara
35%
Frei Rogério
35%
Petrolândia
35%
Tigrinhos
35%
Cerro Negro
35%
Jardinópolis
34%
Praia Grande
34%
Galvão
34%
Salto Veloso
34%
Morro Grande
34%
Brunópolis
34%
Guarujá do Sul
34%
São João do Sul
34%
Grão Pará
33%
Guaraciaba
33%
Nova Itaberaba
33%
São João do Oeste
33%
Lajeado Grande
33%
Aurora
33%
Maracajá
32%
Treviso
32%
Iraceminha
32%
Pouso Redondo
32%
São José do Cedro
32%
Alto Bela Vista
32%
Bom Jesus do Oeste
31%
Ibiam
31%
Romelândia
31%
Flor do Sertão
31%
Matos Costa
31%
Rio do Campo
31%
São Cristóvão do Sul
31%
Coronel Martins
31%
Leoberto Leal
31%
Ipuaçu
31%
Peritiba
30%
Princesa
30%
Arabutã
30%
São Bernardino
30%
Treze de Maio
29%
União do Oeste
29%
Cocal do Sul
29%
Ipira
28%
Marema
28%
Ibicaré
28%
Saltinho
28%
Arroio Trinta
28%
Monte Carlo
28%
Saudades
28%
Novo Horizonte
28%
Tunápolis
28%
Paraíso
27%
Presidente Castelo Branco
27%
Pescaria Brava
27%
Santa Terezinha do Progresso
27%
Pinheiro Preto
27%
Cunha Porã
26%
Caxambu do Sul
26%
Barra Bonita
26%
Passos Maia
26%
Santa Rosa do Sul
25%
Bandeirante
25%
Bela Vista do Toldo
25%
Santa Helena
25%
Cunhataí
24%
Chapadão do Lageado
24%
Pedras Grandes
23%
São Martinho
23%
Sul Brasil
22%
Guatambu
22%
Ponte Alta do Norte
21%
Serra Alta
20%
São Miguel da Boa Vista
19%
Planalto Alegre
19%
Santa Rosa de Lima
18%
Santiago do Sul
18%

Distribuição das Pontuações

Percentil de Números Respondidos

Porcentagem de Pessoas com Cada Pontuação

Sua Pontuação Histórica

Você não jogou esse quiz